Quizzes
Events
Quiz Creation
Community
Videos
Private Events
Remove Ads
Sign In
Join for FREE
Feedback
Dark Mode
Quiz Categories
Sports
Geography
Music
Movies
Television
Just For Fun
Miscellaneous
History
Literature
Language
Science
Gaming
Entertainment
Religion
Holiday
For Kids
Quiz Lab
Recent
Popular Today
Quiz Kudos Today
Editor Picks
Curator Picks
Quizzes by...
Day
Popularity
Type
Ratings
Length
Year
Community
Subscriptions
Recent Discussions
Orange Saloon
Badges
Playlists
Quests
Create
Leaderboards
Showdown
Live 5
Trivia Bingo
Activity
Puzzle Library
Sporcle Events
Private Events
Virtual Trivia
Globe League
Become a Host
Pub Owners
SporcleCon
Opinionation
Our Games
Videos
Blog
Mobile Apps
Partnerships
Remove Ads and Go Orange
Feedback
Entertainment
Celebrity
Famous
Musical
Broadway
Show
Quote
Comic Books
Anime
Superhero
DC Comics
Marvel
Cartoons
Animation
Entertainment
Celebrity
Famous
Musical
Broadway
Show
Quote
Comic Books
Anime
Superhero
DC Comics
Marvel
Cartoons
Animation
Random Quiz
Search Sporcle
×
Quiz Lab
Quiz Lab
Entertainment
Comic Books
Click on regions of an image
Click on regions of an image
Picture Click
Best Score? Go Orange.
Find the Autobots Stats
Can you click the correct Autobot?
By
gingerlover
8m
46 Questions
819 Plays
819 Plays
819 Plays
Comments
Comments
Give Quiz Kudos
Give Quiz Kudos
-
- Ratings
hide this ad
Forced Order
Answers have to be entered in order
Answers have to be entered in order
Replay
Link that replays current quiz
Next Quiz
Link to next quiz in quiz playlist
You Got
0%
They Got
Avg Score
62%
Avg Friend Score
Upgrade to see
Score Distribution
Jump to the score distribution portion of the page
Score
0/46
Timer
08:00
0
Plays Today
% Correct
Optimus Prime
81.1%
Bumblebee
75.5%
Jetfire
74.2%
Grimlock
74.2%
Omega Supreme
73.4%
Jazz
72.3%
Swoop
70.3%
Cliffjumper
70.1%
Ironhide
69.6%
Prowl
69.5%
Ratchet
69%
Wheeljack
68.6%
Hound
67.5%
Powerglide
66.9%
Brawn
66.3%
Slag
65.8%
Perceptor
64.8%
Blaster
64.8%
Sideswipe
64.3%
Mirage
64.3%
Red Alert
64%
Huffer
64%
Sludge
63.5%
% Correct
Sunstreaker
63.5%
Warpath
63.2%
Snarl
63.1%
Trailbreaker
63.1%
Inferno
62.4%
Cosmos
61.8%
Tracks
61.5%
Gears
60.9%
Bluestreak
60%
Smokescreen
59.7%
Windcharger
59.3%
Grapple
58.4%
Beachcomber
57.3%
Seaspray
56.7%
Hoist
54.8%
Whirl
53.4%
Roadbuster
53.2%
Skids
52.6%
Topspin
52.3%
Twintwist
49%
Camshaft
42.5%
Downshift
41.1%
Overdrive
40.4%
Quiz Playlist
Details
Report
Send in Message
Add To Playlist
Picture Click:
Click on regions of an image
Forced Order:
Answers have to be entered in order
Last Updated: Feb 2, 2018
Quiz Scoreboard
CHALLENGE
Sign Up to Join the Scoreboard
Show All
Scores
Hide
Comments
May contain spoilers
Recently Published
Presidents Visiting Landmarks
by Hejman
History
7m
An Introduction to Baseball
by treessimontrees
Sports
5m
Movies - When Are They Set?
by FPL_Elf
Movies
5m
More to Explore
Quiz From the Vault
Featured Blog Post
Where Did the Easter Bunny Come From?
hide this ad
You Might Also Like...
Tags
Animation Quiz
Comic Books Quiz
TV Show Quiz
autobot
Fictional Characters
G1 Transformers
Transformers
Transformers Autobots
Today's Top Quizzes in Entertainment
Browse Entertainment
hide this ad
Today's Top Quizzes in Comic Books
Browse Comic Books
Top Contributed Quizzes in Entertainment
1
7-to-1: DC Comics Villains
2
Kamen Rider Motifs
3
Dragon Ball Z: Goku's Fights in Order
4
Marvel Characters Bunker
5
Eurovision 2023 Logic Puzzle
6
Dragon Ball Z: Mega Character Search
7
Criteria Quickie: Cartoon Taxonomy II
8
Fictional Villains Letter U Blitz
9
Sorting Pictures: Villains
10
Who Wants to Be a Millionaire: Anime Edition
Explore More
Trending Topics
Anime
Kpop
Crossword
NBA
Disney
Harry Potter
Marvel
Puzzle
Pokémon
Country
WWE
Song
Soccer
NFL
The Office
hide this ad
More By:
gingerlover
Quiz
Plays
Rating
Category
Featured
Created
Movies by Last Name
107,612
4.69
Movies
Jan 23, 2018
Movies by Last Name II
78,914
4.72
Movies
Jan 23, 2018
Which Mario Game?
77,597
4.70
Gaming
Jun 6, 2018
Movies by Last Name III
58,561
4.46
Movies
Mar 3, 2018
Character Ice Cream
58,091
4.60
Miscellaneous
May 5, 2017
Go to Creator's Profile
Score Distribution
Quiz Creator Spotlight
gingerlover
Follow
Send a Message
Quizzes Created
-
Created Quiz Play Count
-
More By This Creator
Popular Quizzes Today
1
Find the US States - No Outlines Minefield
2
Find the Countries of Europe - No Outlines Minefield
3
The Countries of the World
4
Find the US States
5
Popular People in 1961
6
US States
7
Risky Map Clicking: Biggest States A-Z
8
1-10 Letter E Words III
More Entertainment Quizzes
Famous Michaels
Published
Trending Quizzes
Risky Map Clicking: Least Populous States A-Z
1-10 Letter G Words
1-10 Letter F Words
One Thing in Common: United Kingdom
Risky Map Clicking: Next State Alphabetically
Recently Updated
Leaping Animals
pecheneg
Reality TV Shows (A-Z)
bhenderson79
Rickey Henderson's Hall of Fame Teammates
pecheneg
Champions League XIs: Arsenal
pecheneg
Quick Pick: Celebrities in WWE's Hall of Fame
aduchscher
A-Z Keypad Blitz II
pecheneg
Multiple Oscar Actors
pecheneg
Mystery Phrase Blitz: Oscar 'Best Actors'
pecheneg
F. Scott Fitzgerald Novels
LTH
Pick 3 Villains
ddd62291
Trending Topics
Anime
NBA
Harry Potter
Kpop
Crossword
Marvel
Disney
WWE
Pokémon
Soccer
The Office
Country
Puzzle
NFL
Song
Your Account Isn't Verified!
In order to create a playlist on Sporcle, you need to verify the email address you used during registration. Go to your
Sporcle Settings
to finish the process.
Report this User
Report this user for behavior that violates our
Community Guidelines
.
Details:
Send Report
Go to the Sporcle.com Mobile Site →
Comments